Flags of Old Countries Quiz 2 - Statistics

General Stats
  • This quiz has been taken 39 times
  • The average score is 5 of 12
Answer Stats
Picture Answer % Correct
Austria-Hungary
88%
Corsican Republic
71%
Zaire
67%
Gran Colombia
58%
Abyssinia
46%
South Yemen
42%
United Arab Republic
42%
Zanzibar
29%
Sikkim
17%
Kingdom of Champa
8%
Republic of West Florida
8%
Vermont Republic
8%
No matching quizzes found
Score Distribution
Percent of People with Each Score
Percentile by Number Answered
Your Score History
You have not taken this quiz